Every Manchester United Goal Scorer in the 2001/02 Premier League - Statistics

General Stats
  • This quiz has been taken 14 times
  • The average score is 60 of 85
Answer Stats
Game Scorer % Correct
Fulham (H) Beckham
85%
Blackburn Rovers (A) Beckham
85%
Everton (H) Beckham
85%
Tottenham Hotspur (A) Beckham
85%
Liverpool (A) Beckham
85%
Southampton (A) Beckham
85%
Sunderland (H) Beckham
85%
Tottenham Hotspur (H) Beckham
85%
Tottenham Hotspur (H) Beckham
85%
West Ham United (A) Beckham
85%
West Ham United (A) Beckham
85%
Blackburn Rovers (A) Giggs
85%
Newcastle United (A) Giggs
85%
Sunderland (A) Giggs
85%
Everton (A) Giggs
85%
Fulham (A) Giggs
85%
Fulham (A) Giggs
85%
Leeds United (A) Giggs
85%
Arsenal (A) Scholes
85%
Derby County (H) Scholes
85%
Derby County (A) Scholes
85%
West Ham United (A) Scholes
85%
Leeds United (A) Scholes
85%
Chelsea (A) Scholes
85%
Fulham (H) van Nistelrooy
85%
Fulham (H) van Nistelrooy
85%
Newcastle United (A) van Nistelrooy
85%
Newcastle United (A) van Nistelrooy
85%
Tottenham Hotspur (A) van Nistelrooy
85%
Leicester City (H) van Nistelrooy
85%
Derby County (H) van Nistelrooy
85%
Middlesbrough (A) van Nistelrooy
85%
Southampton (H) van Nistelrooy
85%
Southampton (H) van Nistelrooy
85%
Southampton (H) van Nistelrooy
85%
Everton (A) van Nistelrooy
85%
Fulham (A) van Nistelrooy
85%
Newcastle United (H) van Nistelrooy
85%
Southampton (A) van Nistelrooy
85%
Blackburn Rovers (H) van Nistelrooy
85%
Bolton Wanderers (A) van Nistelrooy
85%
Sunderland (H) van Nistelrooy
85%
Sunderland (H) van Nistelrooy
85%
Aston Villa (H) van Nistelrooy
85%
Tottenham Hotspur (H) van Nistelrooy
85%
Tottenham Hotspur (H) van Nistelrooy
85%
Chelsea (A) van Nistelrooy
85%
Ipswich Town (A) van Nistelrooy
85%
Everton (H) Cole
69%
Ipswich Town (H) Cole
69%
Tottenham Hotspur (A) Cole
69%
Sunderland (A) Cole
69%
Derby County (H) Keane
62%
Southampton (H) Keane
62%
Blackburn Rovers (H) Keane
62%
Leicester City (H) Yorke
62%
Ipswich Town (H) Solskjaer
54%
Ipswich Town (H) Solskjaer
54%
Leeds United (H) Solskjaer
54%
Derby County (H) Solskjaer
54%
Derby County (H) Solskjaer
54%
Southampton (H) Solskjaer
54%
Newcastle United (H) Solskjaer
54%
Newcastle United (H) Solskjaer
54%
Southampton (A) Solskjaer
54%
Bolton Wanderers (A) Solskjaer
54%
Bolton Wanderers (A) Solskjaer
54%
Bolton Wanderers (A) Solskjaer
54%
Charlton Athletic (A) Solskjaer
54%
Charlton Athletic (A) Solskjaer
54%
West Ham United (A) Solskjaer
54%
Leeds United (A) Solskjaer
54%
Leeds United (A) Solskjaer
54%
Leicester City (A) Solskjaer
54%
Chelsea (A) Solskjaer
54%
Tottenham Hotspur (A) Blanc
46%
West Ham United (A) Butt
46%
Everton (H) Fortune
46%
Southampton (H) P. Neville
46%
Sunderland (H) P. Neville
46%
Everton (H) Veron
38%
Tottenham Hotspur (A) Veron
38%
Bolton Wanderers (H) Veron
38%
Derby County (A) Veron
38%
Ipswich Town (H) Johnsen
31%
No matching quizzes found
Score Distribution
Percent of People with Each Score
Percentile by Number Answered
Your Score History
You have not taken this quiz